000 00586nam a2200193Ia 4500
003 GCL
008 140319s9999 xx 000 0 ara d
040 _aGCL /
_cGCL
082 0 4 _a953
_bح د
100 1 _aحسن الباشا
245 1 0 _aدراسات فى الحضارة الاسلامية /
_cحسن الباشا
260 _a[S.N] :
_bدار النهضة العربية ،
_c1992
300 _a222 ص
490 _a
650 0 4 _aالتاريخ الاسلامى
650 0 4 _aالتراث الاسلامى
650 0 4 _aالحضارة الاسلامية
942 _2ddc
_cBK
999 _c32456
_d32456